Transforming Russia and China : revolutionary struggle in the twentieth century /

Bibliographic Details
Main Author: Rosenberg, William G.
Other Authors: Young, Marilyn Blatt
Format: Book
Language:English
Published: New York : Oxford University Press, 1982.
Subjects:

MARC

Tag First Indicator Second Indicator Subfields
LEADER 00000pam a2200000 a 4500
001 in00000071538
005 20151008062254.0
008 810305s1982 nyu b 00110 eng
010 |a  81002306  
020 |a 0195029658 
020 |a 0195029666 (pbk.) 
035 |a (OCoLC)07277413 
035 |9 AAJ9875AM 
039 0 |a 2  |b 3  |c 3  |d 3  |e 3 
040 |a DLC  |c DLC  |d TXA  |d UtOrBLW 
043 |a e-ur---  |a a-cc--- 
049 |a TXAM  |c [1672240] 
050 0 0 |a DK266  |b .R645 
082 0 |a 947.084  |2 19 
100 1 |a Rosenberg, William G. 
245 1 0 |a Transforming Russia and China :  |b revolutionary struggle in the twentieth century /  |c William G. Rosenberg and Marilyn B. Young. 
264 1 |a New York :  |b Oxford University Press,  |c 1982. 
300 |a xix, 397 pages ;  |c 22 cm. 
336 |a text  |b txt  |2 rdacontent 
337 |a unmediated  |b n  |2 rdamedia 
338 |a volume  |b nc  |2 rdacarrier 
500 |a Includes index. 
504 |a Bibliography: pages 363-372. 
650 0 |a Communism  |z Soviet Union  |x History. 
650 0 |a Communism  |z China  |x History. 
651 0 |a Soviet Union  |x History. 
651 0 |a China  |x History  |y Boxer Rebellion, 1899-1901. 
700 1 |a Young, Marilyn Blatt. 
999 |a MARS 
999 f f |s 5ac819f8-b87b-33e2-949b-9f3e73b1e638  |i 83558cfa-1035-3d24-bc7b-3846f48e03e6  |t 0 
952 f f |p ric  |a Texas A&M University  |b Rellis Campus  |c Joint Library Facility  |d Remote Storage  |t 0  |e DK266 .R645  |h Library of Congress classification  |i unmediated -- volume  |m A14806099355 
998 f f |a DK266 .R645  |t 0  |l Remote Storage